Mots qui finissent en -ite : roches, maladies, autre ? - Statistiques

Statistiques générales
  • Ce quiz a été pris 174 fois
  • Le résultat moyen est 32 sur 40
Statistiques - réponses
Question Tuile Select % Correct
roches/minéraux. Otite Non
98%
roches/minéraux. Bronchite Non
97%
roches/minéraux. Conjonctivite Non
97%
roches/minéraux. Rhinite Non
97%
roches/minéraux. Laryngite Non
96%
roches/minéraux. Arthrite Non
95%
maladies. Graphite Non
95%
maladies. Conjonctivite Oui
94%
maladies. Sulfite Non
94%
maladies. Anthracite Non
93%
maladies. Bakélite Non
93%
maladies. Bronchite Oui
93%
maladies. Marmite Non
92%
maladies. Andésite Non
91%
maladies. Laryngite Oui
91%
maladies. Otite Oui
90%
maladies. Pyrite Non
90%
maladies. Ermite Non
89%
maladies. Bauxite Non
88%
maladies. Fluorite Non
88%
roches/minéraux. Marmite Non
88%
maladies. Ypérite Non
88%
roches/minéraux. Graphite Oui
87%
maladies. Arthrite Oui
86%
maladies. Malachite Non
85%
roches/minéraux. Ermite Non
83%
maladies. Rhinite Oui
81%
roches/minéraux. Anthracite Oui
78%
maladies. Rétinite Oui
74%
roches/minéraux. Pyrite Oui
73%
roches/minéraux. Malachite Oui
66%
roches/minéraux. Bauxite Oui
65%
roches/minéraux. Fluorite Oui
65%
maladies. Néphrite Oui
62%
roches/minéraux. Andésite Oui
60%
roches/minéraux. Ypérite Non
49%
roches/minéraux. Bakélite Non
47%
roches/minéraux. Sulfite Non
30%
roches/minéraux. Néphrite Oui
19%
roches/minéraux. Rétinite Oui
5%
Aucun quiz correspondant
Distribution des résultats
% des personnes avec chaque résultat
Percentile par nombre de réponses
Votre historique - résultats
Vous n’avez pas pris ce quiz